000 01606nam a2200337Ia 4500
001 304
003 OSt
005 20250528074017.0
008 200929b ||||| |||| 00| 1 por d
020 _a9788576831303
040 _bpor
041 _apor
082 _a028.5
_bK64d
100 1 _aKinney, Jeff,
_d1971-
_9597
240 _aDiary of a wimpy kid.
245 _aDiário de um banana
_b: as memórias de Greg Heffley
_c/ Kinney, Jeff ; tradução Antonio de Macedo Soares.
250 _a2.ed.
260 _aSão Paulo
_bVergara & Riba
_c2008
300 _a217p.
_bil.
440 0 _aDiário de um banana
_vv.1
_9598
520 _aNão é fácil ser criança. E ninguém sabe disso melhor do que Greg Heffley, que se vê mergulhado no mundo do ensino fundamental, onde fracotes são obrigados a dividir os corredores com garotos mais altos, mais malvados e que já se barbeiam. Em Diário de um Banana, o autor e ilustrador Jeff Kinney nos apresenta um herói improvável. Como Greg diz em seu diário: Só não espere que seja todo “Querido Diário” isso, “Querido Diário” aquilo. Para nossa sorte, o que Greg Heffley diz que fará e o que ele realmente faz são duas coisas bem diferentes. Em Diário de um Banana, o autor e ilustrados Jeff Kinney nos apresenta um herói improvável.
650 0 _aLiteratura Americana
_984
650 0 _aInfantojuvenil
_9200
650 0 _aDiário
_9599
650 0 _aAmizade
_9556
650 0 _aVida escolar
_9600
655 0 _aRomance
_923
655 0 _aFicção
_922
700 1 _aSoares, Antonio de Macedo
_eTRADUTOR
_9601
942 _2ddc
_cBK
999 _c304
_d304